000 01265nam a2200217Ia 4500
003 OSt
005 20210430174854.0
008 210310s2007 ck ao fr 100 0 spa d
020 _a9789589770542
040 _aCO-JMCR
_c0CO-JMCR
041 0 _aspa
082 0 4 _a334.2 /
_bJ828m
_223
111 2 _aJornada de Opinión Cooperativa
_n(22a :
_d2007 :
_cCartagena)
_937313
245 1 0 _aMemorias XXII Jornada de Opinión Cooperativa :
_bmás marca, más valor, más cooperativismo /
_cJornada de Opinión Cooperativa
260 _aCartagena :
_bAsociación Colombiana de Cooperativas-ASCOOP,
_c2007
300 _a58 páginas :
_bilustraciones y fotografías a blanco y negro ;
_c24 cm.
505 0 _tInstalación /
_rClemente Augusto Jaimes
_tEnrique Valderrama /
_rSuperintendente de la Economía Solidaria
_tCómo romper los paradigmas empresariales /
_rPilar Jericó
_tUna marca construida sobre el éxito empresarial /
_rJorge Fernández
_tNegocios cooperativas que marcan el desarrollo social /
_rOscar Carreras
_tCo-Marketing, la esencia cooperativa a través de la marca /
_rMario Huertas
650 1 4 _aCooperativas
_915483
_xCongresos, conferencias, etc.
_zColombia
650 2 4 _a Bancos cooperativos
_xCongresos, conferencias, etc.
_zColombia
_937314
942 _2ddc
_cBK
999 _c7795
_d7795